| 000 | 01605nam0a22002891 4500 | ||
|---|---|---|---|
| 001 | rc\4993825 | ||
| 005 | 20260406204557.0 | ||
| 021 |
_aRU _b[65-83933] |
||
| 035 | _a(NLR Aleph) 008989101 | ||
| 090 |
_a9234906 _c9234906 |
||
| 100 | _a20130430d1965 |||y0rusy50 ca | ||
| 101 | 0 | _arus | |
| 102 | _aRU | ||
| 105 | _ay ac ||||| | ||
| 200 | 1 |
_aСпециализация, нормализация, унификация, типизация и агрегатирование узлов, механизмов и деталей общемашиностроительного применения _eБиблиогр. указатель отечеств. и зарубежной литературы (сент. 1960 - май 1965 гг.) _fГос. ком. по машиностроению при Госплане СССР. Центр. науч.-техн. б-ка машиностроения |
|
| 210 |
_a[Москва] _cНИИМаш _d1965 |
||
| 215 |
_a117 с. _d22 |
||
| 300 | _aВ конце текста сост.: библиограф Демина К.И. | ||
| 606 |
_aАгрегатирование в машиностроении _jБиблиография _2psbo |
||
| 606 |
_aМашиностроение _xСтандартизация _jБиблиография _2psbo |
||
| 702 | 1 |
_aДемина _bК.И. _4220 |
|
| 712 | 0 | 2 |
_aЦентральная научно-техническая библиотека машиностроения _cМосква _3RU\NLR\AUTH\889964991 _9426193 |
| 801 | 0 |
_aRU _bNLR _gpsbo |
|
| 801 | 1 |
_aRU _bELAR _2rusmarc |
|
| 852 |
_aNLR _jС307-410/С71 |
||
| 942 | _cBOOK | ||
| 980 | _aNB | ||